| 000 | 01239nam a2200313Ia 4500 | ||
|---|---|---|---|
| 001 | ebr10175715 | ||
| 003 | CaPaEBR | ||
| 006 | m u | ||
| 007 | cr cn||||||||| | ||
| 008 | 070219s2007 enk sb 001 0 eng d | ||
| 020 | _z9781403976178 (hbk.) | ||
| 020 | _z1403976171 (hbk.) | ||
| 040 |
_aCaPaEBR _cCaPaEBR |
||
| 035 | _a(OCoLC)648246676 | ||
| 050 | 1 | 4 |
_aB1247 _b.H55 2007eb |
| 082 | 0 | 4 |
_a192 _222 |
| 100 | 1 | _aHillyer, Richard. | |
| 245 | 1 | 0 |
_aHobbes and his poetic contemporaries _h[electronic resource] : _bcultural transmission in early modern England / _cRichard Hillyer. |
| 260 |
_aBasingstoke : _bPalgrave Macmillan, _c2007. |
||
| 300 | _axi, 248 p. | ||
| 504 | _aIncludes bibliographical references and index. | ||
| 533 |
_aElectronic reproduction. _bPalo Alto, Calif. : _cebrary, _d2009. _nAvailable via World Wide Web. _nAccess may be limited to ebrary affiliated libraries. |
||
| 600 | 1 | 0 |
_aHobbes, Thomas, _d1588-1679. |
| 600 | 1 | 0 |
_aHobbes, Thomas, _d1588-1679 _xContemporaries. |
| 650 | 0 | _aPhilosophy. | |
| 655 | 7 |
_aElectronic books. _2local |
|
| 710 | 2 | _aebrary, Inc. | |
| 856 | 4 | 0 |
_uhttp://site.ebrary.com/lib/rucke/Doc?id=10175715 _zAn electronic book accessible through the World Wide Web; click to view |
| 999 |
_c237971 _d237971 |
||